01016nam a22002537a 450000500170000001000130001702000250003003500130005503700160006804000120008408200160009610000250011224500680013724600060020526000370021127000440024830000280029265000680032065000740038894200250046299900190048795201280050695201280063420170124110241.0 aB-190671 c00.00a9788172341404 aB-190671 bCen Lib/Ret aDPLbEN a954.36bSIN aSingh, Priti 995190 aThe islands and tribes of Andaman and Nicobar /cby Priti Singh b  aNew Delhi bPrakash Books c2006 a1, Ansari road, dariyaganj bNew Delhi  a216p. :c29cm(Hb)bill. aAndaman and Nicobar Islands (India) -- Pictorial works. 995191 aAndaman and Nicobar Islands (India) -- Description and travel.995192 2ddccENh954.36mSIN c135214d135214 001040718REFaLbLd2015-10-03eCen Lib/Retg0.00l0o954.36 SINpB-190671r2015-10-03 00:00:00t1v0.00w2015-10-03yEN 001040718REFaLbLd2015-10-03eCen Lib/Retg0.00l0o954.36 SINpB-190670r2015-10-03 00:00:00t1v0.00w2015-10-03yEN